000
00287nam a2200145Ia 4500
100
_a
Adriaans/ Zantinge
942
_c
BK
654
_a
data
245
_a
Data Mining
260
_b
Pearson Education
_c
2003
082
_a
5.74
_b
ADR
300
_a
158
546
_a
ENGLISH
999
_c
22139
_d
22139